| 000 | 00684nam a2200217 u 4500 | ||
|---|---|---|---|
| 005 | 20240112063601.0 | ||
| 008 | 131202s20042009 r 000 0 eng d | ||
| 020 | _a9709833111 | ||
| 035 | _aUPN01000194438 | ||
| 049 | _aCG | ||
| 050 | 4 |
_aKGF3008 _bR6.6 |
|
| 100 | 1 |
_aRodríguez Zepeda, Jesús _935189 |
|
| 245 | 1 | 0 |
_a¿Qué es la discrimiación y como combatirla? _cJesús Rodríguez Zepeda. |
| 260 |
_aMéxico : _bCONAPRED, _c2004 (2009 impr.). |
||
| 300 | _a61 p. | ||
| 440 | 0 |
_aCuadernos de la igualdad ; _v2 |
|
| 650 | 4 |
_aIgualdad ante la ley _zMéxico _919246 |
|
| 650 | 4 |
_aDiscriminación _xLeyes y legislación _zMéxico _920911 |
|
| 905 | _aLibro | ||
| 999 |
_c166539 _d166539 |
||